000 00532nam a2200169 i 4500
001 20781
003 ES-MaACL
005 20230906152349.0
007 t|
008 021118s1965 sp ||||1| spa d
100 1 _aAitken, F. C.
_919002
245 1 0 _aAlimentación de animales de peletería /
_cF.C. Aitken ; traducción de Elías Fernández González.
260 _aZaragoza :
_bAcribia,
_c[1965]
300 _a162 p. :
_bil. ;
_c22 cm.
700 1 _aFernández González, Elías.
_949825
852 _aES-MaACL
_jC-26747
_bR.56978
999 _c20781
_d20781